Exploration of the Alberta bituminous sands : 1951-54 /

Bibliographic Details
Corporate Author: Athabasca Oil Sands Project
Other Authors: Scotland, W. A., Benthin, H.
Format: Book
Language:English
Published: [Alberta?] : [publisher not identified], [1955?]
Subjects:

MARC

Tag First Indicator Second Indicator Subfields
LEADER 00000cam a2200000Ia 4500
001 in00001451913
005 20151021050506.0
008 990106s1955 abcab bs 000 0 eng d
035 |a (OCoLC)ocm54943430 
035 |9 AJD3944AM 
040 |a TXA  |c TXA  |d UtOrBLW 
043 |a n-cn-ab 
049 |a TXAM 
090 |a TN873.C2  |b A84 1955 
092 |a 553.282  |b A865p 
110 2 |a Athabasca Oil Sands Project. 
245 1 0 |a Exploration of the Alberta bituminous sands :  |b 1951-54 /  |c Athabasca Oil Sands Project ; [W.A. Scotland, B.Sc., P.Eng., project engineer ; H. Benthin, B.A., project geologist]. 
264 1 |a [Alberta?] :  |b [publisher not identified],  |c [1955?] 
300 |a 3 volumes :  |b illustrations, maps ;  |c 29 cm. 
336 |a text  |b txt  |2 rdacontent 
337 |a unmediated  |b n  |2 rdamedia 
338 |a volume  |b nc  |2 rdacarrier 
500 |a Library has volume 1, Results of investigations, 1952-1954. 
504 |a Selected bibliography: volume 1, leaves 82-83. 
505 0 |a Vol. 1. Results of investigations -- Vol. 2. Drilling and sampling records -- Vol. 3. Cross sections and geologic maps. 
650 0 |a Oil sands  |z Alberta. 
650 0 |a Petroleum  |x Prospecting  |z Alberta. 
650 0 |a Drill core analysis. 
700 1 |a Scotland, W. A. 
700 1 |a Benthin, H. 
948 |a cataloged  |b h  |c 2004/4/13  |d o  |e fpiscitelli  |f 6:10:01 pm 
994 |a E0  |b TXA 
999 |a MARS 
999 f f |s f201b6ec-3db0-3f88-8e3a-43557fe54b25  |i e741b35b-056b-37e9-9021-caa835957272  |t 0 
952 f f |p ric  |a Texas A&M University  |b Rellis Campus  |c Joint Library Facility  |d Remote Storage  |t 0  |e TN873.C2 A84 1955  |h Library of Congress classification  |i unmediated -- volume  |k v.2  |m A14831158435 
952 f f |p ric  |a Texas A&M University  |b Rellis Campus  |c Joint Library Facility  |d Remote Storage  |t 0  |e TN873.C2 A84 1955  |h Library of Congress classification  |i unmediated -- volume  |k v.1  |m A14831158427 
998 f f |a TN873.C2 A84 1955  |s v.1-v.2  |t 0  |l Remote Storage